Southville International School and Colleges
Your cart is empty.
  • Cart
  • Lists
    Public lists Eva Luna New books Lux_list list_1
    Your lists Log in to create your own lists
  • Log in to your account
  • Your cookies
  • Search history
Southville International School and Colleges
  • Advanced search
  • Recent comments
  • Most popular
  • Libraries

Log in to your account

Log in with GOOGLE


If you do not have an external account, but do have a local account, you can still log in:

  1. Home
  2. MARC view: Malala :
Normal view MARC view ISBD view

Malala : (Record no. 368830)

[ view plain ]
MARC details
000 -LEADER
fixed length control field 00774nam a22002177a 4500
003 - CONTROL NUMBER IDENTIFIER
control field 0
005 - DATE AND TIME OF LATEST TRANSACTION
control field 20260205160936.0
008 - FIXED-LENGTH DATA ELEMENTS--GENERAL INFORMATION
fixed length control field 260205b xxu||||| |||| 00| 0 eng d
020 ## - INTERNATIONAL STANDARD BOOK NUMBER
International Standard Book Number 978-0-553-53761-1
050 ## - LIBRARY OF CONGRESS CALL NUMBER
Classification number M 371.822
Item number C797 2016
082 ## - DEWEY DECIMAL CLASSIFICATION NUMBER
Classification number M 371.822
Item number C797 2016
100 ## - MAIN ENTRY--PERSONAL NAME
Personal name Corey, Shana
245 ## - TITLE STATEMENT
Title Malala :
Remainder of title a hero for all /
Statement of responsibility, etc by Shana Corey; illustrated by Elizabeth Sayles.
260 ## - PUBLICATION, DISTRIBUTION, ETC. (IMPRINT)
Place of publication, distribution, etc New York, NY :
Name of publisher, distributor, etc Penguin Random House LLC,
Date of publication, distribution, etc 2016.
300 ## - PHYSICAL DESCRIPTION
Extent 48 pages :
Other physical details colored illustrations ;
Dimensions 23 cm.
650 ## - SUBJECT ADDED ENTRY--TOPICAL TERM
Topical term or geographic name as entry element Yousafzai, Malala, 1997
Form subdivision Juvenile literature.
650 ## - SUBJECT ADDED ENTRY--TOPICAL TERM
Topical term or geographic name as entry element Girls
Form subdivision Education
Geographic subdivision Pakistan
General subdivision Juvenile literature.
650 ## - SUBJECT ADDED ENTRY--TOPICAL TERM
Topical term or geographic name as entry element Pakistan
Form subdivision Social conditions
General subdivision Juvenile literature.
700 ## - ADDED ENTRY--PERSONAL NAME
Personal name Sayles, Elizabeth,
Relator term illustrator.
942 ## - ADDED ENTRY ELEMENTS (KOHA)
Source of classification or shelving scheme Dewey Decimal Classification
Koha item type Books
Holdings
Withdrawn status Lost status Source of classification or shelving scheme Damaged status Home library Current library Shelving location Date acquired Source of acquisition Sub Shelving location Total Checkouts Full call number Barcode Date last seen Price effective from Koha item type
    Library of Congress Classification   Munich Library Munich Library Main Section 02/05/2026 Library Fund     M 371.822 C797 2016 M9234 02/05/2026 02/05/2026 Books

Malala :

APA

Corey S., Sayles E., . (2016). Malala. New York, NY: Penguin Random House LLC.

Chicago

Corey Shana, Sayles Elizabeth, . 2016. Malala. New York, NY: Penguin Random House LLC.

Harvard

Corey S., Sayles E., . (2016). Malala. New York, NY: Penguin Random House LLC.

MLA

Corey Shana, Sayles Elizabeth, . Malala. New York, NY: Penguin Random House LLC. 2016.

  • Place hold
  • Print
  • Cite
  • Add to your cart (remove)
  • Save record
    BIBTEX Dublin Core MARCXML MARC (non-Unicode/MARC-8) MARC (Unicode/UTF-8) MARC (Unicode/UTF-8, Standard) MODS (XML) RIS
  • More searches
    Search for this title in:
    Other Libraries (WorldCat) Other Databases (Google Scholar) Online Stores (Bookfinder.com) Open Library (openlibrary.org)

Exporting to Dublin Core...

SOUTHVILLE LIBRARY

Southville International School and Colleges Library

1281 Tropical Ave. Cor. Luxembourg St., BF Homes International, Las Pinas City

Tel. No. 8256374 / 252358 Loc. 117/146

Powered by Koha